1346 1191 1657 1744 1679 1569 1599 1714 1427 1256 1277 1812 1077 1454 1744 1224 1334 1726 1010 1275 1672 1565 1386 1475 1634 1186 1356 1479 1425 1059 1188 1259 1699 1513 1454 1399 1632 1396 1241 1830 1602 1786 1013 1392 1197 1607 1735 1908 1850 1142 1208 1430 1505 1858 1698 1622 1704 1258 1672 1156 1101 1254 1628 1269 1582 1783 1954 1630 1040 1204 1176 1037 1233 1598 1946 1775 1516 1883 1190 1622 1563 1563 1618 1974 1681 1396 1004 1737 1730 1143 1088 1723 1947 1748 1757 1910 1776 1835 1665 BCNSPRNW ULIB Ver.6.0+V

เปลี่ยนเป็นภาษาไทย

Change to English
 แสดงรายละเอียดบรรณานุกรม
  กลับหน้าหลัก

Brief Record : Get Marc (ISO 2709) : E-mail record : QR code < ปิดหน้าต่าง
LEADER : 00000nam 2200000uu 4500
001    13399114670
003     ULIB
008    120427s2534||||th 000 0 tha d
020    ^a9745795828
060 04 ^aQV766^bพ17ป 2534
100 0  ^aพรเพ็ญ เปรมโยธิน
245 10 ^aปัญหาจากการใช้ยา /^cพรเพ็ญ เปรมโยธิน ... [และคนอื่นๆ]
260    ^aกรุงเทพฯ :^bสำนักพิมพ์จุฬาลงกรณ์มหาวิทยาลัย,^c2534
300    ^a111 หน้า :^bภาพประกอบ ;^c21 ซม.
440  0 ^aชุดความรู้เพื่อชุมชน ;^vล. 4
500    ^aSend to Single Search
591    ^aLIPY มีปี 2534 (พิมพ์ครั้งที่ 1)
650  4 ^aการใช้ยา
650  4 ^aยา
945    ^p0^l0^i2193
999 ^a ใช้งานได้ทุกระบบ
รายการนี้ยังไม่มีแท็ก
คุณยังไม่ได้ล็อกอิน คุณสามารถมีกิจกรรมร่วมกับเว็บไซต์ได้ แต่ต้องล็อกอินก่อน ::
  ล็อกอิน

รายการสื่อสารสนเทศ

ลำดับที่ ประเภท เลขเรียก/บาร์โค้ด สถานที่ สถานะ
- ไม่พบข้อมูล -

รายการใกล้เคียง
    หัวเรื่อง [การใช้ยา]
    หัวเรื่อง [ยา]

BibComment


ยังไม่เคยถูกคอมเมนท์

คอมเมนท์ทรัพยากรรายการนี้
  คอมเมนท์: ปัญหาจากการใช้ยา..


 Copyright 2026. Bcnsprnw @Library